000 00394nam a22001457a 4500
005 20200612151528.0
008 200612b xxu||||| |||| 00| 0 eng d
082 _a345.4 AIR
110 _aALL INDIA REPORTER
_96053
245 _aALL INDIA REPORTER, [1979] [VOL-66] BOMBAY SECTION
260 _aMUMBAI
_bALL INDIA REPORTER, PVT. LTD.
300 _a400;p
650 _aLAW
_95701
942 _cJRL
999 _c7112
_d7110